Investing in commercial property in Spain (Record no. 105122)

MARC details
000 -LEADER
fixed length control field 00678cam a2200193 4500
001 - CONTROL NUMBER
control field ##L132389
008 - FIXED-LENGTH DATA ELEMENTS--GENERAL INFORMATION
fixed length control field 060202n1991 000 0 eng u
035 ## - SYSTEM CONTROL NUMBER
System control number (Sirsi) u132389
041 0# - LANGUAGE CODE
Language code of text/sound track or separate title eng
050 04 - LIBRARY OF CONGRESS CALL NUMBER
Classification number 333.3370946 $2 18
110 2# - MAIN ENTRY--CORPORATE NAME
Corporate name or jurisdiction name as entry element Clifford Chance
9 (RLIN) 2015
245 00 - TITLE STATEMENT
Title Investing in commercial property in Spain
260 ## - PUBLICATION, DISTRIBUTION, ETC.
Place of publication, distribution, etc. London
Name of publisher, distributor, etc. Clifford Chance
Date of publication, distribution, etc. 1991
300 ## - PHYSICAL DESCRIPTION
Extent 47p.
Dimensions 30cm.
520 ## - SUMMARY, ETC.
Summary, etc. Reviews how investment in the Spanish commercial property market improved after the introduction of the "Decreto Boyer" act of 1985 that resulted in the total elimination of rent controls.
650 24 - SUBJECT ADDED ENTRY--TOPICAL TERM
Topical term or geographic name entry element SPAIN
690 ## - LOCAL SUBJECT ADDED ENTRY--TOPICAL TERM (OCLC, RLIN)
Topical term or geographic name as entry element PROPERTY-COMMERCIAL PROPERTY
942 ## - ADDED ENTRY ELEMENTS (KOHA)
Suppress in OPAC 0
Holdings
Withdrawn status Lost status Source of classification or shelving scheme Damaged status Not for loan Home library Current library Shelving location Date acquired Total Checkouts Full call number Barcode Date last seen Copy number Price effective from Koha item type
    Dewey Decimal Classification     London London Basement 02/02/2006   SHELF 206 30043173 06/08/2019 1 06/08/2019 Book